[Event "L Festival A"]
[Site "Imperia ITA"]
[Date "2008.08.31"]
[Round "1"]
[White "Hocevar, Nikola"]
[Black "Biolek, Richard sr"]
[WhiteElo "2125"]
[BlackElo "2434"]
[Result "0-1"]
[PlyCount "146"]
[EventDate "2008.08.31"]

1. d4 Nf6 2. e3 b6 3. Nf3 Bb7 4. Nbd2 g6 5. Bd3 Bg7 6. O-O O-O 7. e4 d6 8. Qe2
Nbd7 9. c3 e5 10. Re1 Qe7 11. Nf1 h6 12. h3 Rfe8 13. Ng3 c5 14. d5 Nh7 15. c4
h5 16. Be3 Rf8 17. Qc2 Rae8 18. Rad1 Bc8 19. Bc1 Qd8 20. a3 Nb8 21. b4 Bd7 22.
bxc5 bxc5 23. Bd2 Na6 24. Rb1 Qc7 25. Bc3 Bh6 26. Bd2 Bxd2 27. Qxd2 Kg7 28. Rb2
Rb8 29. Reb1 f6 30. Bc2 Rxb2 31. Rxb2 Rb8 32. Rxb8 Qxb8 33. Qc3 Nc7 34. Kh2 Na8
35. Nf1 Qb6 36. Ne3 Qa6 37. Nd2 Ng5 38. Nd1 Nb6 39. h4 Nf7 40. Ne3 Nd8 41. Bd1
Na4 42. Qc2 Nb7 43. Qb3 Qb6 44. Kg1 Qxb3 45. Bxb3 Na5 46. Bxa4 Bxa4 47. Kf1 Bd7
48. Ke2 f5 49. Kd3 f4 50. Nd1 Kf6 51. f3 g5 52. hxg5+ Kxg5 53. Ke2 h4 54. Nc3
h3 55. gxh3 Kh4 56. Nb5 Nxc4 57. Nxa7 Nxa3 58. Nc6 Kxh3 59. Nd8 Kg2 60. Nf7 Nb5
61. Kd3 Be8 62. Ng5 Nd4 63. Nc4 Bb5 64. Nf7 Bxc4+ 65. Kxc4 Kxf3 66. Nxd6 Kg3
67. Kd3 f3 68. Nc4 Nb5 69. Ke3 f2 70. Ke2 Kg2 71. Ne3+ Kg1 72. Kd3 Nd6 73. Kc3
f1=Q 0-1

[Event "L Festival A"]
[Site "Imperia ITA"]
[Date "2008.08.31"]
[Round "1"]
[White "Hodova, Lucie"]
[Black "Safranska, Anda"]
[WhiteElo "2075"]
[BlackElo "2323"]
[Result "0-1"]
[PlyCount "90"]
[EventDate "2008.08.31"]

1. e4 g6 2. d4 Bg7 3. Nc3 c6 4. f4 d5 5. e5 Nh6 6. Be3 f6 7. Nf3 Bg4 8. Be2 O-O
9. O-O Nf5 10. Bf2 Bh6 11. Ne1 Bxe2 12. Nxe2 fxe5 13. dxe5 e6 14. Nf3 Nd7 15.
g4 Ne7 16. g5 Bg7 17. Nfd4 Kf7 18. Ng3 Nb6 19. h4 Re8 20. h5 Nf5 21. Ngxf5 exf5
22. hxg6+ hxg6 23. Re1 Nc4 24. Nf3 Qe7 25. b3 Nb6 26. Nh4 Qe6 27. Nf3 Kg8 28.
Kg2 Nd7 29. Rc1 c5 30. Qd3 Rac8 31. Rcd1 Nb6 32. a4 d4 33. c4 Nd7 34. Rh1 Qc6
35. Kg1 Nf8 36. Ne1 Ne6 37. Qg3 Kf7 38. Nd3 Rh8 39. Qg2 Qe4 40. Rh4 Qe2 41. Qf1
Qf3 42. Rd2 Rxh4 43. Bxh4 Qg4+ 44. Rg2 Qxh4 45. Qf3 Qh8 0-1

[Event "L Festival A"]
[Site "Imperia ITA"]
[Date "2008.08.31"]
[Round "1"]
[White "Jirovsky, Milos"]
[Black "Spaan, Nathanael"]
[WhiteElo "2492"]
[BlackElo "2153"]
[Result "1/2-1/2"]
[PlyCount "55"]
[EventDate "2008.08.31"]

1. Nf3 Nf6 2. c4 e6 3. g3 b6 4. Bg2 Bb7 5. O-O Be7 6. d4 O-O 7. Nc3 Ne4 8. Qc2
Nxc3 9. Qxc3 d6 10. b3 Nd7 11. Bb2 Nf6 12. d5 exd5 13. Nh4 d4 14. Qxd4 Bxg2 15.
Kxg2 Nh5 16. Qg4 Bxh4 17. gxh4 g6 18. Rad1 f5 19. Qd4 Qf6 20. Qd5+ Qf7 21. Qf3
Rae8 22. Rd4 Re5 23. Kh1 Rfe8 24. e3 Re4 25. Rg1 Kf8 26. Rd5 Ke7 27. Rg5 Rxh4
28. Rd4 1/2-1/2

[Event "L Festival A"]
[Site "Imperia ITA"]
[Date "2008.08.31"]
[Round "1"]
[White "Lazarev, Vladimir"]
[Black "Ahner, Thomas"]
[WhiteElo "2482"]
[BlackElo "2144"]
[Result "1-0"]
[PlyCount "61"]
[EventDate "2008.08.31"]

1. d4 Nf6 2. c4 e6 3. Nc3 Bb4 4. Qc2 c5 5. dxc5 Nc6 6. Nf3 Bxc5 7. Bg5 h6 8.
Bh4 g5 9. Bg3 Nh5 10. e3 a6 11. O-O-O Nxg3 12. hxg3 b6 13. Ne4 Be7 14. Qc3 Rh7
15. Qd3 f5 16. Nd6+ Bxd6 17. Qxd6 Ra7 18. g4 Qe7 19. gxf5 Qxd6 20. Rxd6 Ke7 21.
Rd2 g4 22. Ng5 Rg7 23. Ne4 Rh7 24. f6+ Kf8 25. Rh5 Rc7 26. Nd6 Na5 27. Rd4 Nb7
28. Bd3 Rh8 29. Nxc8 Rxc8 30. Kd2 d6 31. Rxg4 1-0

[Event "L Festival A"]
[Site "Imperia ITA"]
[Date "2008.08.31"]
[Round "1"]
[White "Pascual Genoves, Marc"]
[Black "Mela, Riccardo"]
[WhiteElo "2232"]
[BlackElo "2033"]
[Result "1-0"]
[PlyCount "76"]
[EventDate "2008.08.31"]

1. e4 c5 2. Nf3 e6 3. b3 Nc6 4. Bb2 d5 5. exd5 exd5 6. Bb5 Nf6 7. Qe2+ Be6 8.
O-O Bd6 9. Ne5 Qc7 10. f4 O-O-O 11. Bxc6 bxc6 12. Qa6+ Kb8 13. Nxc6+ Ka8 14.
Nxd8 Rxd8 15. Bxf6 gxf6 16. Nc3 Bc8 17. Qe2 Bxf4 18. h3 Be5 19. Rad1 Bb7 20.
Rf5 Qc6 21. Re1 Qd6 22. Qf1 Rg8 23. Nb5 Qc6 24. Rexe5 fxe5 25. Rxf7 d4 26. Rf8+
Rxf8 27. Qxf8+ Qc8 28. Qxc8+ Bxc8 29. d3 Bd7 30. Nd6 Bc6 31. Ne4 Kb7 32. Nxc5+
Kb6 33. Ne4 Ka5 34. a3 Kb6 35. g4 a5 36. Nd6 Bf3 37. Nc4+ Kb5 38. Nb2 Bd5 1-0

[Event "L Festival A"]
[Site "Imperia ITA"]
[Date "2008.08.31"]
[Round "1"]
[White "Payen, Arnaud"]
[Black "Pepino, Enrico"]
[WhiteElo "2372"]
[BlackElo "2119"]
[Result "1-0"]
[PlyCount "75"]
[EventDate "2008.08.31"]

1. d4 Nf6 2. Nf3 g6 3. Bf4 Bg7 4. e3 O-O 5. Be2 d6 6. O-O Nbd7 7. h3 Ne4 8.
Nbd2 Nxd2 9. Qxd2 e5 10. Bh2 e4 11. Ne1 h5 12. c4 Nf6 13. Nc2 h4 14. Rac1 a5
15. Na3 c6 16. d5 c5 17. Nb5 Ra6 18. b3 Re8 19. a3 g5 20. Qd1 Nh7 21. b4 axb4
22. axb4 Be5 23. bxc5 Bxh2+ 24. Kxh2 dxc5 25. d6 Re5 26. f4 exf3 27. Bxf3 Be6
28. Bxb7 Rb6 29. Bf3 Nf6 30. Qd3 g4 31. hxg4 Nxg4+ 32. Bxg4 Bxg4 33. Ra1 Be6
34. Rf3 Qg5 35. Ra8+ Kg7 36. d7 Bxd7 37. Qxd7 Rg6 38. Qxf7+ 1-0

[Event "L Festival A"]
[Site "Imperia ITA"]
[Date "2008.08.31"]
[Round "1"]
[White "Pesce, Gabriele"]
[Black "Mozny, Milos"]
[WhiteElo "2102"]
[BlackElo "2361"]
[Result "0-1"]
[PlyCount "82"]
[EventDate "2008.08.31"]

1. e4 c5 2. Nc3 e6 3. f4 d6 4. Nf3 Nc6 5. Bc4 Nge7 6. d3 d5 7. Bb3 dxe4 8. dxe4
Qxd1+ 9. Nxd1 b6 10. Ne3 Bb7 11. Nc4 Nc8 12. Nce5 Nd6 13. f5 Nxe5 14. Nxe5 exf5
15. exf5 Bxg2 16. Rg1 Be4 17. Bf4 f6 18. O-O-O fxe5 19. Bxe5 O-O-O 20. Be6+ Kb7
21. Kb1 Be7 22. Rde1 Bh4 23. Re2 Bf6 24. Bxd6 Bxc2+ 25. Kxc2 Rxd6 26. Rd1 Rxd1
27. Kxd1 Rd8+ 28. Rd2 Rxd2+ 29. Kxd2 Bxb2 30. Bd5+ Ka6 31. Bg8 h6 32. a4 Ka5
33. Kc2 Be5 34. Kb3 a6 35. h4 b5 36. axb5 axb5 37. h5 c4+ 38. Kc2 Kb4 39. Bf7
Kc5 40. Be8 b4 41. Bf7 b3+ 0-1

[Event "L Festival A"]
[Site "Imperia ITA"]
[Date "2008.08.31"]
[Round "1"]
[White "Petrov, Marijan"]
[Black "Barlocco, Carlo"]
[WhiteElo "2490"]
[BlackElo "2150"]
[Result "1-0"]
[PlyCount "65"]
[EventDate "2008.08.31"]

1. e4 b6 2. d4 Bb7 3. Nc3 e6 4. Bd3 Bb4 5. Nge2 Nf6 6. O-O d5 7. e5 Nfd7 8. Ng3
Ba6 9. Qg4 g6 10. Bh6 Bxd3 11. cxd3 Bf8 12. Bxf8 Kxf8 13. Rac1 h5 14. Qd1 c5
15. f4 Nc6 16. dxc5 bxc5 17. Na4 Qa5 18. d4 Nxd4 19. Nxc5 Nxc5 20. Qxd4 Nd7 21.
Rc6 Ke7 22. Rfc1 Rhb8 23. a3 Rb7 24. f5 exf5 25. Qh4+ f6 26. Rxf6 Qd2 27. Rxg6+
Kf7 28. Rf1 Qe3+ 29. Kh1 Rh8 30. Nxf5 Qxe5 31. Rg7+ Kf8 32. Qd8+ Qe8 33. Nd6+
1-0

[Event "L Festival A"]
[Site "Imperia ITA"]
[Date "2008.08.31"]
[Round "1"]
[White "Piasetski, Leon David"]
[Black "Astengo, Marcello"]
[WhiteElo "2314"]
[BlackElo "2075"]
[Result "1-0"]
[PlyCount "123"]
[EventDate "2008.08.31"]

1. Nf3 Nf6 2. d4 d5 3. c4 e6 4. Nc3 c6 5. e3 Nbd7 6. Bd3 dxc4 7. Bxc4 b5 8. Bd3
a6 9. a3 Bb7 10. b4 a5 11. Rb1 axb4 12. axb4 Nd5 13. Nxd5 exd5 14. O-O Nf6 15.
Ne5 Bd6 16. Bd2 O-O 17. Qc2 Qb6 18. f4 Ra3 19. Be1 Rfa8 20. Bh4 Ra2 21. Qd1 Ne4
22. Bxe4 dxe4 23. Nd7 Qc7 24. Nf6+ gxf6 25. Bxf6 Kf8 26. Qg4 R8a3 27. Rbc1 Rxe3
28. Rfe1 Raa3 29. Rxe3 Rxe3 30. Rc5 Bxc5 31. dxc5 Rd3 32. Qg7+ Ke8 33. Qg8+ Kd7
34. Qxf7+ Kc8 35. Qe8+ Rd8 36. Bxd8 Qxd8 37. Qxe4 Qd1+ 38. Kf2 Qd2+ 39. Kg3 Kb8
40. h3 Qd5 41. Qxh7 Qb3+ 42. Kh4 Qxb4 43. Qh8+ Bc8 44. Qe5+ Kb7 45. g4 Qd2 46.
f5 Qd5 47. Qe7+ Qd7 48. Qe4 Qf7 49. Kg5 Bd7 50. h4 Qg7+ 51. Kf4 Qh6+ 52. Kg3
Ka6 53. Qd4 Qh7 54. Qa1+ Kb7 55. Qf6 Ka6 56. h5 b4 57. h6 Qg8 58. Qg7 Qb8+ 59.
Kf3 b3 60. Qa1+ Kb5 61. h7 Bxf5 62. h8=Q 1-0

[Event "L Festival A"]
[Site "Imperia ITA"]
[Date "2008.08.31"]
[Round "1"]
[White "Ricca, Giorgio"]
[Black "Vrana, Frantisek"]
[WhiteElo "2065"]
[BlackElo "2310"]
[Result "0-1"]
[PlyCount "58"]
[EventDate "2008.08.31"]

1. e4 g6 2. d4 c6 3. Nf3 d5 4. exd5 cxd5 5. c4 Nf6 6. Qb3 Bg7 7. cxd5 O-O 8.
Nc3 Nbd7 9. d6 exd6 10. Be2 Nb6 11. O-O Be6 12. Qd1 Nfd5 13. Bg5 f6 14. Nxd5
Bxd5 15. Bf4 f5 16. Bg5 Qd7 17. a4 h6 18. Bb5 Qf7 19. Bf4 a6 20. Bd3 Rad8 21.
a5 Nc8 22. h4 Ne7 23. Qd2 Bxf3 24. gxf3 Nc6 25. d5 Nd4 26. Qb4 Nxf3+ 27. Kh1
Qf6 28. Bg3 f4 29. Be2 Nd4 0-1

[Event "L Festival A"]
[Site "Imperia ITA"]
[Date "2008.08.31"]
[Round "1"]
[White "Spatola, Davide"]
[Black "Poloch, Petr"]
[WhiteElo "2051"]
[BlackElo "2280"]
[Result "0-1"]
[PlyCount "72"]
[EventDate "2008.08.31"]

1. Nf3 g6 2. g3 Bg7 3. Bg2 e5 4. d3 d5 5. Nbd2 Ne7 6. O-O O-O 7. e4 c6 8. Qe2
Qc7 9. Re1 d4 10. Nf1 c5 11. h4 h6 12. a4 Be6 13. N3h2 c4 14. f4 f6 15. Ng4 Kh7
16. Nfh2 Nd7 17. Bd2 Rac8 18. Nf2 cxd3 19. cxd3 Nc5 20. h5 g5 21. Bh3 Bxh3 22.
Nxh3 Qd7 23. Nf2 Nb3 24. Ra3 Nxd2 25. Qxd2 Rc6 26. Rc1 Rfc8 27. Rxc6 Nxc6 28.
a5 gxf4 29. gxf4 Rg8 30. Kh1 f5 31. fxe5 Bxe5 32. Nh3 Bxh2 33. Qxh2 fxe4 34.
dxe4 d3 35. Nf2 d2 36. Nd1 Qg4 0-1

[Event "L Festival A"]
[Site "Imperia ITA"]
[Date "2008.08.31"]
[Round "1"]
[White "Spinelli, Doriano"]
[Black "Sulava, Nenad"]
[WhiteElo "2151"]
[BlackElo "2492"]
[Result "0-1"]
[PlyCount "58"]
[EventDate "2008.08.31"]

1. e4 c5 2. Nc3 a6 3. g3 b5 4. Bg2 Bb7 5. d3 e6 6. Be3 Nf6 7. f4 d5 8. e5 Nfd7
9. Bf2 Nc6 10. Nf3 Be7 11. a4 O-O 12. O-O b4 13. Ne2 a5 14. c4 bxc3 15. Nxc3
Ba6 16. Re1 Nb4 17. Bf1 Rb8 18. d4 c4 19. f5 exf5 20. e6 fxe6 21. Rxe6 Nf6 22.
Ne5 Bc8 23. Nc6 Nxc6 24. Rxc6 Rxb2 25. Rb1 Rxb1 26. Qxb1 Bb4 27. Nb5 Ne4 28.
Qc2 f4 29. Bg2 Bf5 0-1

[Event "L Festival A"]
[Site "Imperia ITA"]
[Date "2008.08.31"]
[Round "1"]
[White "Stella, Andrea"]
[Black "Damele, Stefano"]
[WhiteElo "2209"]
[BlackElo "2013"]
[Result "1-0"]
[PlyCount "51"]
[EventDate "2008.08.31"]

1. d4 Nf6 2. c4 c5 3. d5 d6 4. Nc3 g6 5. e4 Bg7 6. Bd3 O-O 7. Nge2 e6 8. O-O
Re8 9. Ng3 a6 10. a4 exd5 11. cxd5 Nbd7 12. f4 Qb6 13. Kh1 Rb8 14. e5 dxe5 15.
f5 Qd6 16. Bg5 Nxd5 17. fxg6 hxg6 18. Bc4 N7b6 19. Bxd5 Be6 20. Nge4 Qf8 21.
Bxe6 Rxe6 22. a5 Nc8 23. Qd5 Ne7 24. Qxe6 fxe6 25. Rxf8+ Kxf8 26. Nxc5 1-0

[Event "L Festival A"]
[Site "Imperia ITA"]
[Date "2008.08.31"]
[Round "1"]
[White "Tomassoni, Leonardo"]
[Black "Krouzel, Jaroslav"]
[WhiteElo "1969"]
[BlackElo "2184"]
[Result "0-1"]
[PlyCount "50"]
[EventDate "2008.08.31"]

1. e4 e6 2. d4 d5 3. Nc3 Bb4 4. e5 c5 5. a3 Ba5 6. Qg4 Ne7 7. Qxg7 Rg8 8. Qxh7
cxd4 9. b4 Bc7 10. Nb5 Bxe5 11. Nf3 Bc7 12. Ng5 Rf8 13. h4 e5 14. Qh5 Bf5 15.
Bd3 e4 16. Nxc7+ Qxc7 17. Bb5+ Nd7 18. Bb2 Qe5 19. Nxf7 Rxf7 20. Bxd7+ Kf8 21.
Qh6+ Kg8 22. Bxf5 Nxf5 23. Qd2 e3 24. fxe3 Nxe3 25. Rh3 Nxg2+ 0-1

[Event "L Festival A"]
[Site "Imperia ITA"]
[Date "2008.08.31"]
[Round "1"]
[White "Van der Plas, Robert"]
[Black "Movsziszian, Karen"]
[WhiteElo "2163"]
[BlackElo "2560"]
[Result "0-1"]
[PlyCount "96"]
[EventDate "2008.08.31"]

1. d4 Nf6 2. c4 g6 3. Nc3 Bg7 4. e4 d6 5. f4 c5 6. d5 O-O 7. Nf3 e6 8. Be2 exd5
9. cxd5 Bg4 10. O-O Nbd7 11. Re1 Re8 12. h3 Bxf3 13. Bxf3 a6 14. a4 c4 15. Be3
Rc8 16. Qc2 Qc7 17. Kh1 Qb8 18. Qf2 b6 19. Re2 Nc5 20. Bxc5 Rxc5 21. Rae1 Nd7
22. Bg4 Nf8 23. h4 Ra5 24. e5 dxe5 25. fxe5 Rxe5 26. Rxe5 Bxe5 27. Rxe5 Qxe5
28. Qxb6 Rxd5 29. Nxd5 Qxd5 30. Qxa6 Qd4 31. Bc8 Qxh4+ 32. Kg1 Qd4+ 33. Kh1 g5
34. Qb5 Qh4+ 35. Kg1 Ng6 36. a5 Qd4+ 37. Kh1 g4 38. Bxg4 Qxg4 39. a6 Kg7 40.
Qb7 Nf4 41. Kh2 Qh4+ 42. Kg1 Qe1+ 43. Kh2 Ne2 44. Qf3 Qg1+ 45. Kh3 Qh1+ 46. Kg4
f5+ 47. Qxf5 Qxg2+ 48. Kh4 Qg3+ 0-1

[Event "L Festival A"]
[Site "Imperia ITA"]
[Date "2008.08.31"]
[Round "1"]
[White "Vitak, Pavel"]
[Black "Mercandelli, Claudio"]
[WhiteElo "2187"]
[BlackElo "1988"]
[Result "1-0"]
[PlyCount "51"]
[EventDate "2008.08.31"]

1. e4 e6 2. d4 d5 3. Nc3 Nf6 4. Bg5 Bb4 5. e5 h6 6. exf6 hxg5 7. fxg7 Bxc3+ 8.
bxc3 Rg8 9. h4 gxh4 10. Qh5 Qf6 11. Nf3 Nd7 12. Rxh4 Qxg7 13. g3 Qg6 14. Qxg6
Rxg6 15. Rh8+ Ke7 16. Bd3 Rg7 17. O-O-O Nf8 18. Rdh1 Bd7 19. Ne5 Rc8 20. c4 c6
21. R1h6 Be8 22. Kd2 Rd8 23. Ke3 f6 24. Nf3 Bg6 25. Rxf8 Bxd3 26. Rxd8 1-0

[Event "L Festival A"]
[Site "Imperia ITA"]
[Date "2008.08.31"]
[Round "1"]
[White "Zakoucka, Adela"]
[Black "Lacrosse, Marc"]
[WhiteElo "2002"]
[BlackElo "2202"]
[Result "1/2-1/2"]
[PlyCount "55"]
[EventDate "2008.08.31"]

1. e4 e5 2. Nf3 Nc6 3. Bb5 a6 4. Ba4 Nf6 5. O-O Nxe4 6. d4 b5 7. Bb3 d5 8. a4
Rb8 9. Nxe5 Nxe5 10. dxe5 c6 11. axb5 axb5 12. Be3 Be7 13. Nd2 Nc5 14. Ba2 O-O
15. Nb3 Nxb3 16. Bxb3 f6 17. exf6 Bxf6 18. c3 b4 19. Bd4 bxc3 20. bxc3 Bxd4 21.
cxd4 Rb4 22. Bc2 Qf6 23. Qd3 g6 24. Ra4 Rxa4 25. Bxa4 Bd7 26. f3 Rb8 27. Qc3
Qd6 28. Rc1 1/2-1/2

[Event "L Festival A"]
[Site "Imperia ITA"]
[Date "2008.09.01"]
[Round "2"]
[White "Ahner, Thomas"]
[Black "Spatola, Davide"]
[WhiteElo "2144"]
[BlackElo "2051"]
[Result "1/2-1/2"]
[PlyCount "84"]
[EventDate "2008.08.31"]

1. e4 c6 2. d4 d5 3. Nc3 dxe4 4. Nxe4 Nf6 5. Ng5 h6 6. N5f3 Bf5 7. Ne5 e6 8. g4
Be4 9. f3 Bh7 10. Be3 Nbd7 11. Nxd7 Qxd7 12. Bd3 Bxd3 13. Qxd3 Nd5 14. Ne2 Bd6
15. O-O-O O-O-O 16. Kb1 Qc7 17. c4 Nxe3 18. Qxe3 Rhe8 19. c5 Bf8 20. f4 f6 21.
h4 e5 22. dxe5 Rxd1+ 23. Rxd1 fxe5 24. f5 Qf7 25. Nc3 h5 26. Ne4 hxg4 27. Qg5
g3 28. f6 gxf6 29. Nxf6 Re6 30. Ne4 Be7 31. Qxg3 Qg6 32. Qd3 Kb8 33. Ka1 Bxh4
34. Qd7 Qe8 35. Qh7 Bd8 36. Rg1 Re7 37. Qh6 a5 38. Rf1 Qd7 39. Nd6 e4 40. Qf4
Bc7 41. Qf8+ Qd8 42. Qxd8+ Bxd8 1/2-1/2

[Event "L Festival A"]
[Site "Imperia ITA"]
[Date "2008.09.01"]
[Round "2"]
[White "Astengo, Marcello"]
[Black "Gardini, Enrico"]
[WhiteElo "2075"]
[BlackElo "1896"]
[Result "1-0"]
[PlyCount "53"]
[EventDate "2008.08.31"]

1. d4 Nf6 2. c4 e6 3. Nc3 Bb4 4. e3 b6 5. Nge2 Bb7 6. a3 Be7 7. Ng3 O-O 8. e4
d6 9. Bd3 c5 10. d5 exd5 11. exd5 Nbd7 12. Bf4 Re8 13. O-O Ne5 14. Bxe5 dxe5
15. Nf5 Bf8 16. Re1 g6 17. Ng3 Bc8 18. h3 Bd7 19. Qd2 Bd6 20. Re2 Qc7 21. Rae1
a6 22. Qg5 Kg7 23. Nce4 Nxe4 24. Rxe4 Kf8 25. Rh4 Qd8 26. Qh6+ Ke7 27. f4 1-0

[Event "L Festival A"]
[Site "Imperia ITA"]
[Date "2008.09.01"]
[Round "2"]
[White "Barlocco, Carlo"]
[Black "Ricca, Giorgio"]
[WhiteElo "2150"]
[BlackElo "2065"]
[Result "1-0"]
[PlyCount "81"]
[EventDate "2008.08.31"]

1. d4 d5 2. Nf3 Nf6 3. c4 dxc4 4. Qa4+ c6 5. Qxc4 Bg4 6. Nc3 e6 7. Bg5 Be7 8.
e4 Qa5 9. e5 Nd5 10. Bxe7 Nxe7 11. Bd3 O-O 12. O-O Bxf3 13. gxf3 Qd8 14. Rad1
Nd7 15. Kh1 Nb6 16. Qb3 Ned5 17. Rg1 g6 18. Rg4 h5 19. Rg3 Nf4 20. Bb1 Nbd5 21.
Qc2 Qh4 22. Rdg1 Ne7 23. Ne4 Nf5 24. Nf6+ Kg7 25. Qd2 Rad8 26. Bxf5 exf5 27.
Qxf4 Qxf4 28. Nxh5+ Kg8 29. Nxf4 Rxd4 30. Nh5 Rh4 31. Nf6+ Kg7 32. Rd1 Rfh8 33.
Rg2 Rc4 34. Rd7 Rc1+ 35. Rg1 Rc2 36. Kg2 Rxb2 37. Rgd1 a5 38. Rc7 b5 39. Rdd7
Rf8 40. Rxc6 Kh6 41. f4 1-0

[Event "L Festival A"]
[Site "Imperia ITA"]
[Date "2008.09.01"]
[Round "2"]
[White "Berg, Victor"]
[Black "Arlandi, Ennio"]
[WhiteElo "2104"]
[BlackElo "2436"]
[Result "0-1"]
[PlyCount "70"]
[EventDate "2008.08.31"]

1. e4 c5 2. d4 cxd4 3. c3 Nf6 4. e5 Nd5 5. cxd4 e6 6. Nf3 d6 7. Bd3 Nc6 8. O-O
Be7 9. exd6 Qxd6 10. Nc3 Nxc3 11. bxc3 b6 12. Re1 Bb7 13. a4 Qd8 14. Bf4 O-O
15. Bc2 Rc8 16. Qd3 g6 17. Rab1 Bf6 18. Rb5 Ba6 19. h4 Bxb5 20. axb5 Ne7 21.
Ng5 Nd5 22. Bd2 Bxg5 23. hxg5 Qc7 24. Rc1 Rfd8 25. Bb3 Qd6 26. Qf3 Rd7 27. c4
Ne7 28. Bc3 Nf5 29. Rd1 Rcd8 30. g4 Qa3 31. gxf5 Qxb3 32. fxe6 fxe6 33. d5 exd5
34. Qf6 Qxd1+ 35. Kh2 d4 0-1

[Event "L Festival A"]
[Site "Imperia ITA"]
[Date "2008.09.01"]
[Round "2"]
[White "Biolek, Richard sr"]
[Black "Stella, Andrea"]
[WhiteElo "2434"]
[BlackElo "2209"]
[Result "1-0"]
[PlyCount "97"]
[EventDate "2008.08.31"]

1. e4 e6 2. f4 d5 3. e5 c5 4. Nf3 Nc6 5. d4 Qb6 6. c3 Nh6 7. Bd3 cxd4 8. Nxd4
Nxd4 9. cxd4 Bd7 10. Bc2 Bb4+ 11. Nc3 Rc8 12. O-O Rxc3 13. bxc3 Bxc3 14. Rb1
Qxd4+ 15. Kh1 Qxd1 16. Rxd1 Bc6 17. Rd3 d4 18. Bd2 Ng4 19. Kg1 Be4 20. Ba4+ Kd8
21. Bxc3 Bxd3 22. Rxb7 dxc3 23. Rd7+ Kc8 24. Rxd3 Kb7 25. Rxc3 Rc8 26. Rxc8
Kxc8 27. h3 Ne3 28. Kf2 Nd5 29. Kf3 Nc3 30. Bb3 Kd7 31. g4 Kc6 32. f5 Nd5 33.
Ke4 Nc7 34. Kd4 Kb5 35. a3 a5 36. h4 a4 37. Bc2 h6 38. h5 Nd5 39. Bd3+ Kb6 40.
Bc4 Nf4 41. Ke3 Kc5 42. Kxf4 Kxc4 43. f6 gxf6 44. exf6 Kd4 45. g5 e5+ 46. Kg3
e4 47. gxh6 e3 48. h7 e2 49. Kf2 1-0

[Event "L Festival A"]
[Site "Imperia ITA"]
[Date "2008.09.01"]
[Round "2"]
[White "Cugini, Verter"]
[Black "Dritsakos, Alessio"]
[WhiteElo "2167"]
[BlackElo "1848"]
[Result "1/2-1/2"]
[PlyCount "104"]
[EventDate "2008.08.31"]

1. e4 e5 2. Nf3 Nc6 3. d4 exd4 4. Nxd4 Bc5 5. Be3 Qf6 6. c3 Nge7 7. g3 d5 8.
Bg2 Bxd4 9. cxd4 dxe4 10. Nc3 O-O 11. Nxe4 Qg6 12. O-O Be6 13. Nc3 Rad8 14. Qa4
Nd5 15. Nxd5 Bxd5 16. Rac1 Bxg2 17. Kxg2 Qe4+ 18. Kg1 Rxd4 19. Qc2 Rd3 20. Qc4
Rd4 21. Bxd4 Nxd4 22. f3 Nxf3+ 23. Kf2 Qxc4 24. Rxc4 Nd2 25. Rxc7 Nxf1 26. Kxf1
Rb8 27. Ke2 a6 28. Kd3 g6 29. Kc4 Kg7 30. b4 Re8 31. Rxb7 Re2 32. a4 Rxh2 33.
Ra7 Rc2+ 34. Kd5 Rb2 35. Kc5 Rc2+ 36. Kb6 Rb2 37. Ka5 h5 38. Rxa6 g5 39. Rc6
Rb3 40. b5 Rxg3 41. b6 Rb3 42. Rc5 g4 43. Rxh5 g3 44. Ka6 Kg6 45. Rb5 Rxb5 46.
axb5 g2 47. b7 g1=Q 48. b8=Q Qa1+ 49. Kb7 Qh1+ 50. Kb6 Qg1+ 51. Kc6 Qg2+ 52.
Kd7 Qh3+ 1/2-1/2

[Event "L Festival A"]
[Site "Imperia ITA"]
[Date "2008.09.01"]
[Round "2"]
[White "Damele, Stefano"]
[Black "Havlikova, Kristyna"]
[WhiteElo "2013"]
[BlackElo "2135"]
[Result "0-1"]
[PlyCount "92"]
[EventDate "2008.08.31"]

1. d4 Nf6 2. c4 g6 3. Nc3 d5 4. cxd5 Nxd5 5. Qb3 Nb6 6. e3 Bg7 7. Nf3 O-O 8.
Be2 Nc6 9. O-O Be6 10. Qd1 Bc4 11. Bxc4 Nxc4 12. b3 Nd6 13. e4 e5 14. Be3 exd4
15. Nxd4 Nxe4 16. Nxc6 Qxd1 17. Ne7+ Kh8 18. Raxd1 Nxc3 19. Rd7 Nxa2 20. Rxc7
b6 21. Nc6 Nc3 22. Rxa7 Rxa7 23. Nxa7 Nd5 24. Nb5 Nxe3 25. fxe3 Be5 26. Nd4 Kg7
27. Rc1 Ra8 28. Rc6 Ra1+ 29. Kf2 Bxh2 30. Rxb6 Bg1+ 31. Kf3 Rf1+ 32. Ke4 Re1
33. Nc2 Re2 34. Kd3 Rxg2 35. Rb7 h5 36. e4 Rg4 37. Ne1 h4 38. Nf3 Rg3 39. Ke2
h3 40. e5 Kf8 41. Rb8+ Ke7 42. Nxg1 Rxg1 43. Rh8 Rg3 44. b4 Rb3 45. Kf1 Rxb4
46. Rxh3 Re4 0-1

[Event "L Festival A"]
[Site "Imperia ITA"]
[Date "2008.09.01"]
[Round "2"]
[White "Del Dotto, Riccardo"]
[Black "Zakoucka, Adela"]
[WhiteElo "2171"]
[BlackElo "2002"]
[Result "1-0"]
[PlyCount "161"]
[EventDate "2008.08.31"]

1. e4 c5 2. Nc3 Nc6 3. g3 d6 4. Bg2 g6 5. d3 Bg7 6. Be3 Nf6 7. h3 e5 8. Nge2
Nd4 9. O-O Be6 10. f4 Qd7 11. fxe5 dxe5 12. Bg5 Nh5 13. Kh2 h6 14. Be3 Nf6 15.
Qd2 Rd8 16. Ng1 b6 17. Rf2 g5 18. Raf1 Qe7 19. Qc1 O-O 20. Nf3 Nxf3+ 21. Bxf3
c4 22. dxc4 Bxc4 23. Be2 Be6 24. Kg2 Kh7 25. Bd3 Bc8 26. Bxg5 hxg5 27. Qxg5 Ng8
28. Qxe7 Nxe7 29. Rxf7 Rxf7 30. Rxf7 Nc6 31. Nd5 Kg6 32. Rc7 Bd7 33. Rxc6+ Bxc6
34. Ne7+ Kh5 35. Nxc6 Rd7 36. Nb4 Rf7 37. Nd5 Bh6 38. Be2+ Kg6 39. c4 Bd2 40.
Bg4 Be1 41. Bf5+ Kg5 42. h4+ Kh5 43. Kh3 Rf8 44. g4+ Kh6 45. Nc7 Rd8 46. g5+
Kh5 47. Bg4+ Kg6 48. h5+ Kf7 49. Be6+ Ke7 50. Bd5 Rf8 51. g6 Rf4 52. g7 Rh4+
53. Kg2 Rg4+ 54. Kf1 Rxg7 55. Kxe1 Rh7 56. Kd2 Rxh5 57. a3 Rh3 58. Nb5 a5 59.
Nc3 Kd6 60. Kc2 Rh2+ 61. Kb3 Rg2 62. Na4 Kc7 63. c5 bxc5 64. Nxc5 Rh2 65. Nd3
Kd6 66. Kc3 Re2 67. a4 Re3 68. Kc4 Rh3 69. b3 Rh8 70. Kb5 Rh3 71. Nc5 Kc7 72.
Kxa5 Kb8 73. Nd7+ Ka7 74. Nxe5 Rh6 75. Nc6+ Kb7 76. Kb5 Rd6 77. a5 Ka8 78. Nb4+
Kb8 79. e5 Rxd5+ 80. Nxd5 Ka7 81. e6 1-0

[Event "L Festival A"]
[Site "Imperia ITA"]
[Date "2008.09.01"]
[Round "2"]
[White "Egartner, Wolfgang"]
[Black "Jirovsky, Milos"]
[WhiteElo "2141"]
[BlackElo "2492"]
[Result "0-1"]
[PlyCount "76"]
[EventDate "2008.08.31"]

1. d4 d5 2. c4 e6 3. Nf3 Nf6 4. g3 Be7 5. Bg2 O-O 6. O-O Nbd7 7. Nbd2 c6 8. b3
b6 9. Bb2 Bb7 10. Qc2 Rc8 11. Rac1 Qc7 12. cxd5 Nxd5 13. Nc4 Rfd8 14. Qb1 Qb8
15. e4 N5f6 16. e5 Nd5 17. Nfd2 b5 18. Ne3 Nxe3 19. fxe3 Nxe5 20. dxe5 Rxd2 21.
Bc3 Rd7 22. Rxf7 c5 23. Bxb7 Qxb7 24. Rcf1 b4 25. Bb2 Bg5 26. R7f3 Rd2 27. e4
Be7 28. Bc1 Re2 29. Re3 Rxe3 30. Bxe3 c4 31. bxc4 Rxc4 32. Qb3 Qc6 33. Bxa7 Rc3
34. Qd1 Ra3 35. Bd4 Qxe4 36. Rf4 Qd5 37. Qc1 Rxa2 38. Bf2 h6 0-1

[Event "L Festival A"]
[Site "Imperia ITA"]
[Date "2008.09.01"]
[Round "2"]
[White "Jurek, Josef"]
[Black "Arata, Roberto Mario"]
[WhiteElo "2368"]
[BlackElo "2178"]
[Result "1-0"]
[PlyCount "107"]
[EventDate "2008.08.31"]

1. Nf3 d5 2. c4 c6 3. d4 Nf6 4. Qc2 e6 5. g3 Be7 6. Bg2 O-O 7. O-O Nbd7 8. b3
Re8 9. Nbd2 a5 10. a3 Bd6 11. Bb2 e5 12. cxd5 cxd5 13. dxe5 Nxe5 14. Nxe5 Bxe5
15. Bxe5 Rxe5 16. Nf3 Bf5 17. Qc5 Ne4 18. Qd4 Re8 19. e3 Qd7 20. Rac1 Rad8 21.
Qb6 Rc8 22. Qxa5 Ra8 23. Qb4 Bg4 24. Nd4 Ng5 25. a4 Nh3+ 26. Kh1 Rac8 27. Qd2
Ng5 28. Qd3 Rxc1 29. Rxc1 Rc8 30. Rxc8+ Qxc8 31. Qc2 Qd7 32. Kg1 h6 33. h4 Nh7
34. b4 Nf6 35. a5 Qe7 36. Qc5 Qxc5 37. bxc5 Bc8 38. Nb5 Bd7 39. Nd6 Bc6 40. Bh3
Ne4 41. Nxe4 dxe4 42. Kf1 Kf8 43. Ke2 Ke7 44. Kd2 Kf6 45. Kc3 Ke5 46. Kb4 g6
47. Bf1 Kf5 48. Bb5 Bd5 49. Bd7+ Kf6 50. Kb5 Ke7 51. Bh3 h5 52. Kb6 Kd8 53. Bf1
f6 54. Bb5 1-0